000 00803nam a2200241 a 4500
001 000011663
005 20200929162523.0
008 091022s1993 sp 000 f spa d
020 _a844063997X
040 _aDO-SdBNP
_bspa
_cBNPHU
082 _a863.64
_bC336q
100 1 _aCasavella, Francisco,
_c1963-
_927644
245 1 0 _aQuédate /
_cFrancisco Casavella.
260 _aBarcelona :
_bEdiciones B,
_c1993.
300 _a247, [8] p. ;
_c22 cm.
490 1 _aTiempos Modernos
500 _aIncluye los demás títulos de la colección en la solapa de la contracubierta
500 _aIncluye datos biográficos del autor en la solapa de la cubierta
650 4 _aNovela española
_91123
650 4 _aLiteratura española
_ySIGLO XX
_93326
830 0 _aTiempos Modernos
_927645
049 _aBNGR
999 _c11351
_d11351